000 01573nam0a2200301 4500
001 RU\NLR\bibl\50128
005 20260407113205.0
021 _aRU
_b99-23662
_91150
035 _a(NLR Aleph) 000048861
090 _a260523
_c260523
100 _a19990929d1999 |||y0rusy50 ca
101 0 _arus
102 _aRU
105 _ay |||||||||
200 1 _aСамостоятельная работа студентов в курсе философии: виды и формы
_e[Метод. разраб. к домаш. заданиям и диспутам]
_fМ-во общ. и проф. образования Рос. Федерации, Дальневост. гос. акад. экономики и упр.
_g[Сост. Г.К. Божкова]
210 _aВладивосток
_cИзд-во ДВГАЭУ
_d1999
215 _a7 с.
_d20
606 0 _aФилософия
_jРуководства, пособия и т.п. для высшей школы
_9900139
_3RU\NLR\auth\666996
606 0 _aФилософия
_jУчебные издания для высшей школы
_9900139
_3RU\NLR\auth\666996
686 _aЮ0я73
702 1 _aБожкова
_bГ. К.
_gГалина Константиновна
_4220
712 0 2 _4570
_aДальневосточная государственная академия экономики и управления
_cВладивосток
_9380141
_3RU\NLR\AUTH\889942595
801 0 _aRU
_bNLR
_c19990929
_gPSBO
801 1 _aRU
_bNLR
_c19990929
852 _aNLR
_j99-4/6241
942 _cBOOK
980 _aNB